000 00529nam a2200181Ia 4500
008 100917s9999 xx 000 0 und d
082 _b49556
100 _aप्रभु वामन
245 _aआकाश पाळणा
260 _bर्मॅजेस्टिक बुक स्टॉल
_c1963
300 _a181
365 _b5
520 _aकादंबरी
630 _aआकाश पाळणा
650 _aकादंबरी
730 _aआकाश पाळणा
942 _cBOOK
999 _c654950
_d654947